00689nam a2200229 i 4500001001100000003000500011005001700016008004100033040002500074082001400099090001900113100005700132245002900189264006600218300002300284336002100307337002500328338002300353500005400376942001000430999001900440C2-0306360PPAK20180728091903.0101025s2008 my |||| ||||| | may d aPPAKbengcPPAKerda04a297.422300a297.4bABDdKK0 aAbdul Majid bin Abdul Wahid Al Saadi, Haji, eauthor10aKhutbah gerhana matahari 1aKedah : bJabatan Hal Ehwal Agama Islam Negeri Kedah , c2008 a14 pages ; c21 cm 2rdacontentatext 2rdamediaaunmediated 2rdacarrieravolume aKhutbah Gerhana Matahari. Teks dalam tulisan jawi ddccB c109277d109277